• 首页
  • 本馆介绍
  • 公告通知
  • 最新文献
  • 馆藏检索
  • 电子资源
  • 读者导购
  • 参考咨询
  • 我的图书馆
  • 登录
  • 详细信息显示
  • 放入我的书架
  • 预约/预借图书
  • 作者相关作品
  • 分类相关作品
  • 丛书相关作品
  • 出版社相关作品

书目信息

  • 表格格式
  • 工作单格式
  • 卡片格式
题名:
守护教育的良心
    
 
作者: 厉佳旭 著
分册:  
出版信息: 宁波   宁波出版社  2017
页数: 327页
开本: 23cm
丛书名:
单 册:
中图分类: G4-53
科图分类:
主题词: 教育--文集
电子资源:
ISBN: 978-7-5526-2774-9
000 00842nam0 2200229 450
001 23
005 20180519100302.29
010    @a978-7-5526-2774-9@dCNY36.00
100    @a20170427d2017 em y0chiy50 ea
101 0  @achi
102    @aCN@b330000
105    @ay z 000yy
200 1  @a守护教育的良心@9shou hu jiao yu de liang xin@f厉佳旭著
210    @a宁波@c宁波出版社@d2017
215    @a327页@d23cm
300    @a学而书坊
330    @a本书是一本直面教育自身的缺陷和缺憾的教育随笔集。全书共分为五个部分,分别为“常怀愧怍,就因为我是老师”“学生不是人质”“别拿校长当官看”“人的自觉是第一位的”“那些被数字掩盖了的”,从许多受关注的教育热点事件出发进行评论与写作,直指教育的痛点,观点犀利。
606 0  @a教育@j文集
690    @aG4-53@v5
701  0 @a厉佳旭@9li jia xu@4著
801  0 @aCN@b91MARC@c20170427
905    @aMuseLib@dG4-53@e205
    
    守护教育的良心/厉佳旭著.-宁波:宁波出版社,2017
    327页;23cm
    学而书坊
    
    ISBN 978-7-5526-2774-9:CNY36.00
    本书是一本直面教育自身的缺陷和缺憾的教育随笔集。全书共分为五个部分,分别为“常怀愧怍,就因为我是老师”“学生不是人质”“别拿校长当官看”“人的自觉是第一位的”“那些被数字掩盖了的”,从许多受关注的教育热点事件出发进行评论与写作,直指教育的痛点,观点犀利。
●
相关链接 在E读中查询图书 在五车中查询图书 在当当中查询图书 在豆瓣中查询图书


正题名:守护教育的良心     索取号:G4-53/205         预约/预借

序号 登录号 条形码 馆藏地/架位号 状态 备注
1 1100100   211001002   第一样本阅览室/ [索取号:G4-53/205] 在馆    
2 1100101   211001011   教育系资料室/ [索取号:G4-53/205] 在馆    
3 1100102   211001020   教育系资料室/ [索取号:G4-53/205] 在馆    
4 1100103   211001039   教育系资料室/ [索取号:G4-53/205] 在馆    
5 1100104   211001048   第四借阅区/ [索取号:G4-53/205] 在馆    
6 1100105   211001057   第四借阅区/ [索取号:G4-53/205] 在馆    
唐山师范学院图书馆 欢迎您!
大连网信软件有限公司© 版权所有